| 000 | 00602nam a2200169Ia 4500 | ||
|---|---|---|---|
| 008 | 090711s9999 xx 000 0 und d | ||
| 082 | _b838 | ||
| 100 | _aगोगावले लक्ष्मण शं. | ||
| 245 | _aमण्यांSाी जादू | ||
| 260 |
_bप्रमोद प्रकाशन _c1999 |
||
| 300 | _a39 | ||
| 600 | _aगोगावले लक्ष्मण शं. | ||
| 630 | _aमण्यांSाी जादू | ||
| 700 | _aगोगावले लक्ष्मण शं. | ||
| 730 | _aमण्यांSाी जादू | ||
| 942 | _cBOOK | ||
| 999 |
_c335822 _d335822 |
||